Quizzes
Events
Quiz Creation
Community
Videos
Private Events
Remove Ads
Sign In
Join for FREE
Feedback
Dark Mode
Quiz Categories
Sports
Geography
Music
Movies
Television
Just For Fun
Miscellaneous
History
Literature
Language
Science
Gaming
Entertainment
Religion
Holiday
For Kids
Quiz Lab
Recent
Popular Today
Quiz Kudos Today
Editor Picks
Curator Picks
Quizzes by...
Day
Popularity
Type
Ratings
Length
Year
Community
Subscriptions
Recent Discussions
Orange Saloon
Badges
Playlists
Quests
Create
Leaderboards
Showdown
Live 5
Trivia Bingo
Activity
Puzzle Library
Sporcle Events
Private Events
Virtual Trivia
Globe League
Become a Host
Pub Owners
SporcleCon
Opinionation
Our Games
Videos
Blog
Mobile Apps
Partnerships
Remove Ads and Go Orange
Feedback
Gaming
Video Games
Board Games
Card Games
Pokémon
Mario
Nintendo
Minecraft
Console
Toys
Legend of Zelda
Gaming
Video Games
Board Games
Card Games
Pokémon
Mario
Nintendo
Minecraft
Console
Toys
Legend of Zelda
Random Quiz
Search Sporcle
×
Quiz Lab
Quiz Lab
Gaming
Video Games
Type in answers that appear in a list
Type in answers that appear in a list
Classic
Best Score? Go Orange.
Fallout's Brotherhood of Steel Quiz Stats
Can you name the Fallout's Brotherhood of Steel?
By
Maniacbob
10m
21 Questions
226 Plays
226 Plays
226 Plays
Comments
Comments
Give Quiz Kudos
Give Quiz Kudos
-
- Ratings
hide this ad
Replay
Link that replays current quiz
Next Quiz
Link to next quiz in quiz playlist
You Got
0%
They Got
Avg Score
37%
Avg Friend Score
Upgrade to see
Score Distribution
Jump to the score distribution portion of the page
Score
0/21
Timer
10:00
0
Plays Today
Question
Answer
% Correct
The BoS was founded by?
Roger Maxson
63.7%
Name of the order in charge of records and research?
Scribes
60.2%
The DC BoS detachment is based in what building?
The Pentagon
54.4%
Where is the New Vegas BoS outpost located?
Hidden Valley
53.1%
Name of the order in charge of protecting the BoS?
Paladins
52.2%
Name of the order in charge of weaponry?
Knights
51.3%
When Elder Lyons changed the BoS mission what splinter group was formed?
Brotherhood of Steel Outcasts
48.2%
Name one BoS member who can be recruited as a companion.
Veronica Santangelo and Star Paladin Cross
46.5%
Where was the BoS' first headquarters?
Lost Hills
42.9%
The Vault Dweller in 2162 convinces the BoS to send warriors with him to what base?
Mariposa Military Base
42.5%
What is the rank of the leader of the BoS?
High Elder
39.8%
Question
Answer
% Correct
In the 2150s the BoS decimated what raider group allowing them to establish ties with the Hub?
Vipers
37.2%
BoS warriors are equipped with what armor?
T-51b Power Armor
36.3%
According to Fallout Tactics there is a outpost located in the remains of what city?
Chicago
35.8%
Elder McNamara succeeded who as leader of the New Vegas BoS?
Elder Elijah
32.7%
The BoS were led to this base in a journey known as?
The Exodus
27%
To beat the Master the Vault Dweller could obtain a holodisk showing that that Super Mutants were...?
Completely sterile
26.5%
The last known descendent of the founder of the BoS is?
Arthur Maxson
25.7%
What did Elder Lyons change the BoS mission to?
Protect the people
4.4%
Who led the first known dissertion from the BoS in 2134?
Sergeant Dennis Allen
3.5%
This is similar to the BoS' original directive, which was to use technology for what purpose?
To rebuild human civilization
0.9%
Quiz Playlist
Details
Report
Send in Message
Add To Playlist
Classic:
Type in answers that appear in a list
Last Updated: Feb 16, 2017
Quiz Scoreboard
CHALLENGE
Sign Up to Join the Scoreboard
Show All
Scores
Hide
Comments
May contain spoilers
Recently Published
NBA Finals Game Top Scorers (2010s)
by flibbidy
Sports
5m
Guess the 'R' Things in 3 Words
by MSUKent
Miscellaneous
3m
Actor to Badly Drawn Movie III
by MoMosMoProblems
Movies
5m
More to Explore
Quiz From the Vault
Featured Blog Post
Where Does Lost Luggage Go?
hide this ad
You Might Also Like...
Tags
Board Games Quiz
Video Games Quiz
Brotherhood
fallout
Fallout 3
steel
Today's Top Quizzes in Gaming
Browse Gaming
hide this ad
Today's Top Quizzes in Video Games
Browse Video Games
Top Contributed Quizzes in Gaming
1
Video Game Rainbow Blitz
2
Genshin Impact Logic Puzzle
3
Pokémon Gen IV Logic Puzzle (HARD)
4
Genshin Impact Logic Puzzle Quiz
5
Rainbow Six Siege Operators by Picture
6
Magic: the Gathering Set Symbols - LCI
7
Ordering Roman Numerals: Pokémon
8
St. Patrick's Pick: Gaming
9
Ultimate Genshin Impact Logic Puzzle (up to 4.3)
10
Wii Remote Buttons
Explore More
Trending Topics
Anime
Kpop
NBA
Harry Potter
Crossword
Disney
Marvel
Pokémon
Song
WWE
The Office
Country
Puzzle
NFL
Soccer
hide this ad
More By:
Maniacbob
Quiz
Plays
Rating
Category
Featured
Created
Fallout's Brotherhood of Steel Quiz
226
Gaming
Nov 16, 2010
Go to Creator's Profile
Score Distribution
Quiz Creator Spotlight
Maniacbob
Follow
Send a Message
Quizzes Created
-
Created Quiz Play Count
-
More By This Creator
Popular Quizzes Today
1
Find the US States - No Outlines Minefield
2
Find the US States
3
The Countries of the World
4
10 Largest US States in Order
5
Find the Countries of Europe - No Outlines Minefield
6
US States
7
Guess the 'R' Things in 3 Words
8
NBA Finals Game Top Scorers (2010s)
More Gaming Quizzes
Lego Marvel Super-Heroes 2 Map
Quiz Lab
Trending Quizzes
First Name TV: Leading Men
Match the Book to the Film II
First Name TV: Leading Women Drama
Match the Book to the Film VI
3-Word Movies in 1 Word II
Recently Updated
Women's Final Four Teams by Year
bhenderson79
Presidents Quartet II
eogle
Anything But Clue(do)
eogle
Anything But Oceanian Capitals
eogle
Anything But 7
eogle
Anything But Thing
eogle
Word Ladder: February 29
pecheneg
Song Title Questions
pecheneg
Women's NCAA Tournament #1 Seeds
pecheneg
Celebrity Mug Shots
pecheneg
Trending Topics
NBA
Anime
Crossword
Disney
Marvel
Harry Potter
Kpop
Country
NFL
Pokémon
The Office
WWE
Song
Soccer
Puzzle
Your Account Isn't Verified!
In order to create a playlist on Sporcle, you need to verify the email address you used during registration. Go to your
Sporcle Settings
to finish the process.
Report this User
Report this user for behavior that violates our
Community Guidelines
.
Details:
Send Report
Go to the Sporcle.com Mobile Site →
Comments